| 000 | 00659nam a2200229Ia 4500 | ||
|---|---|---|---|
| 999 |
_c41200 _d41200 |
||
| 001 | 7852 | ||
| 003 | GE_BSU | ||
| 005 | 20221116110322.0 | ||
| 008 | 181216s2008en xx |||||||||||||| ||eng|| | ||
| 020 | _a9783468498411 x | ||
| 040 | _cGE_BSU | ||
| 041 | _ager | ||
| 080 | _a330(430) R-55 | ||
| 100 |
_aReigler-Poyet, Margarete _914834 |
||
| 245 |
_aDas Testbuch Wirtschaftsdeutsch : _bDeutsch als Fremdsprache in der Wirtschaft / _cPoyet, Margarete Reigler. |
||
| 264 |
_aBerlin : _bLandgencheidt, _c2008 |
||
| 300 | _a143p.29cm. | ||
| 300 | _e+CD | ||
| 653 | _aDas Testbuch Wirtschaftsdeutsch | ||
| 653 | _aეკონომიკა | ||
| 942 |
_cBK _2udc |
||